000 00996nam a2200241 i 4500
001 103760
003 ES-MaACL
005 20230906183435.0
007 t|
008 051117s1983 sp ||||1| spa d
245 0 3 _aLa mesa de Setefilla
_b: Lora del Río (Sevilla): Campaña de 1979 /
_cMª Eugenia Aubet Semmler... [et al.].
260 _aMadrid :
_bDirección General de Bellas Artes y Archivos,
_c1983.
300 _a193 p., con lám. 1-17 :
_bil. ;
_c29 cm.
490 1 _aExcavaciones arqueológicas en España ;
_v122
650 4 _aExcavaciones arqueológicas-
_zSevilla (Provincia)
_9169953
651 4 _aLora del Río-
_xRestos arqueológicos.
_9169954
651 4 _aSetefilla (Sevilla, Yacimiento)
_9169955
700 1 _aAubet Semmler, María Eugenia.
_923808
710 1 _aEspaña.
_bSubdirección General de Arqueología y Etnografía.
_93710
830 0 _aExcavaciones arqueológicas en España ;
_v122
_9177264
852 _aES-MaACL
_jL-4927
_bR.105523
999 _c103760
_d103760